Transistor technology Vol.1 / (Record no. 182387)
[ view plain ]
| 000 -LEADER | |
|---|---|
| fixed length control field | 00675 a2200181 4500 |
| 003 - CONTROL NUMBER IDENTIFIER | |
| control field | Nust |
| 005 - DATE AND TIME OF LATEST TRANSACTION | |
| control field | 20221205093619.0 |
| 040 ## - CATALOGING SOURCE | |
| Transcribing agency | Nust |
| 082 ## - DEWEY DECIMAL CLASSIFICATION NUMBER | |
| Classification number | 621.381528,TRA |
| 100 ## - MAIN ENTRY--PERSONAL NAME | |
| Personal name | H. E.Birdgers |
| 9 (RLIN) | 104067 |
| 245 ## - TITLE STATEMENT | |
| Title | Transistor technology Vol.1 / |
| Statement of responsibility, etc. | H. E.Birdgers(ed) |
| 250 ## - EDITION STATEMENT | |
| Edition statement | Vol. 1 |
| 260 ## - PUBLICATION, DISTRIBUTION, ETC. | |
| Place of publication, distribution, etc. | New York |
| Name of publisher, distributor, etc. | D. Van Nostrand company |
| Date of publication, distribution, etc. | 1959 |
| 300 ## - PHYSICAL DESCRIPTION | |
| Extent | 661p |
| 505 ## - FORMATTED CONTENTS NOTE | |
| Formatted contents note | Technology of Germanium Materials (Page-1), Preparation of Signal Crystals (Page-61), Principle of Device Fabrication (Page-164), Principles of Transistor Performance Characterization (Page-447), Transistor Reliability (Page-605). |
| 650 ## - SUBJECT ADDED ENTRY--TOPICAL TERM | |
| Topical term or geographic name entry element | Telecommunication Engineering |
| 942 ## - ADDED ENTRY ELEMENTS (KOHA) | |
| Source of classification or shelving scheme | |
| Koha item type | Book |
| Withdrawn status | Lost status | Source of classification or shelving scheme | Damaged status | Not for loan | Permanent Location | Current Location | Shelving location | Date acquired | Full call number | Barcode | Date last seen | Price effective from | Koha item type | Public note |
|---|---|---|---|---|---|---|---|---|---|---|---|---|---|---|
| Military College of Signals (MCS) | Military College of Signals (MCS) | General Stacks | 12/12/2016 | 621.381528,TRA | MCS22242 | 12/08/2016 | 12/12/2016 | Book | Almirha No 83, Shelf No 1 | |||||
| Military College of Signals (MCS) | Military College of Signals (MCS) | General Stacks | 12/12/2016 | 621.381528,TRA | MCS7352 | 12/08/2016 | 12/12/2016 | Book | Almirah No.34, Shelf No.2 | |||||
| Military College of Signals (MCS) | Military College of Signals (MCS) | General Stacks | 12/12/2016 | 621.381528,TRA | MCS7420 | 12/08/2016 | 12/12/2016 | Book | Almirha No 83, Shelf No 1 |
